Атлантида (Запис номер 330959)
[ съкратено ]
| 000 -Лидер | |
|---|---|
| Контролно поле с фиксирана дължина | 01122nam a2200277 a 4500 |
| 003 - Код на организацията, давaща контролен номер | |
| Контролно поле | BLK |
| 005 - Дата и час на последна редакция | |
| Контролно поле | 20230914112011.0 |
| 008 - Елементи от данни с фиксирана дължина | |
| fixed length control field | 190513b bu |||||r|||| 00| 0 bu d |
| 020 ## - Международен стандартен номер на книга ISBN | |
| Международен стандартен номер на книга ISBN | 9789540912790 |
| 040 ## - Източник на каталожния запис | |
| Идентификатор на билиотеката - собственик на записа | BLK |
| 041 ## - Код за език | |
| Код за езика на текст/звукозапис или на отделно заглавие | Български |
| Код за езика КДБФ | Български |
| 080 ## - УДК | |
| Текстов определител УДК | Българска литература |
| УДК код - определител по УДК | 821.163.2 |
| УДК определител | -1 |
| УДК - код + определител | 821.163.2-1 |
| 100 ## - Редна дума - Автор | |
| Автор | Гранитски, Иван |
| Авторска отговорност | първи автор |
| R(LIN) | 1299 |
| 139 ## - Редно поле | |
| Редна дума | Гранитски, Иван |
| Авторски знак | Гран - Г 77 |
| 245 ## - Сведения за заглавието | |
| Заглавие | Атлантида |
| Редно поле (дума) | Иван Гранитски ; худож. Маглена Константинова |
| 250 ## - Област на изданието | |
| Сведения за изданието | 2 изд. |
| 260 ## - Област на издателските данни | |
| 9 (RLIN) | 209473 |
| Място на издаване, разпространение и проч. | София |
| Име на издателя, разпространителя и проч. | Захарий Стоянов |
| Година на издаване | 2018 |
| Печатница | София: Миг принт |
| 300 ## - Физическа характеристика | |
| Страници | 48 с. |
| Илюстрации и др. | с цв. ил. |
| Размери/Мащаб | 26 см |
| 380 ## - Жанр | |
| Жанр | Худож. лит. |
| 500 ## - Общи забележки | |
| Забележка | Иван Гранитски - псевд. на авт. Иван Йорданов Димитров. - 1. изд. 2000. <br/> |
| 700 ## - Други автори (авторска отговорност) | |
| Лично име | Константинова, Маглена Иванова |
| 9 (RLIN) | 247827 |
| 852 ## - Местоположение | |
| Форматна сигнатура | Цб ІІ 23719 |
| 999 ## - СИСТЕМНИ КОНТРОЛНИ НОМЕРА | |
| Koha biblionumber | 330959 |
| Koha biblioitemnumber | 330959 |
| 942 ## - АРТИКУЛИ | |
| Вид на библиотечния материал | Книги |
| Скрит в OPAC | Не |
| 944 ## - СЪЗДАВАНЕ И РЕДАКЦИЯ на ЗАПИСА | |
| Създаване/Редакция | Създаване |
| Дата на регистрацията/редакция | 2019-05-13 |
| Служител, извършил регистрацията/редакцията | 30556 |
| Статус, дата на статуса | Теодора Пейчева-Дянкова |
| 999 ## - СИСТЕМНИ КОНТРОЛНИ НОМЕРА | |
| Koha biblioitemnumber | 330959 |
| Код за отписване | Код за изгубен артикул | Източник на класификационната схема | Код за повреда | Коз за рестрикции | Код за отдаване | Артикулен № | Име на библиотеката - собственик | Име на библиотеката, в която се намира в момента | Статус (Текущо местоположение) | Дата на вписване в системата | Местоположение - отдел | Цена в лева | Систематично азбучна сигнатура | Баркод | Цена в евро | Служебен тип на артикула |
|---|---|---|---|---|---|---|---|---|---|---|---|---|---|---|---|---|
| Не е изгубен | Universal Decimal Classification | Не е повреден | без рестрикции | ползва се в читалня | 707659 | Регионална библиотека "Любен Каравелов" Русе | Регионална библиотека "Любен Каравелов" Русе | Хранилище | 2019-05-15 | Хранилище | 15.00 | Цб ІІ 24196 | 120000831809 | 7.67 | Книги | |
| Не е изгубен | Universal Decimal Classification | Не е повреден | без рестрикции | заемане за дома | 846373 | Регионална библиотека "Любен Каравелов" Русе | Регионална библиотека "Любен Каравелов" Русе | Заемна - подръчен фонд | 2021-08-03 | Заемна - подръчен фонд | 15.00 | 821.163.2-1/Г 77 И | 120000859331 | 7.67 | Книги |